Ο φόβος του ξένου : συλλογή αστυνομικών ιστοριών από τον ομότιτλο διαγωνισμό.
Saved in:
| Format: | Book |
|---|---|
| Language: | Greek |
| Published: |
Αθήνα :
Μεταίχμίο,
2014.
|
| Series: | Ελληνική πεζογραφία (Μεταίχμιο)
|
| Subjects: | |
| Tags: |
Add Tag
No Tags, Be the first to tag this record!
|
MARC
| LEADER | 00000cam a2200000 a 4500 | ||
|---|---|---|---|
| 001 | 1/115364 | ||
| 008 | 171024t2014####gr | ||| |||| ||gre|| | ||
| 020 | |a 9789605666620 | ||
| 040 | |a GR-MyUa |b gre |c GR-MyUa |e AACR2 | ||
| 041 | 0 | |a gre | |
| 082 | 7 | |a 889.3 |2 (23) | |
| 245 | 1 | 2 | |a Ο φόβος του ξένου : |b συλλογή αστυνομικών ιστοριών από τον ομότιτλο διαγωνισμό. |
| 260 | |a Αθήνα : |b Μεταίχμίο, |c 2014. | ||
| 300 | |a 175 σ. ; |c 21 εκ. | ||
| 490 | 1 | |a (Ελληνική Πεζογραφία Μεταίχμιο) | |
| 504 | |a Περιέχει ευρετήριο συμμετεχόντων με αλφαβητική σειρά. | ||
| 505 | 8 | |a Οι ιστορίες από τον ομότιτλο διαγωνισμό : Φεγγαράκι μου λαμπρό / Χριστίνα Μπουγιούκου -- 47Τ213 / Μάρα Κούρτογλου -- Κριστέλα / Μαρία Τσίμα -- Ο νέος μου αδερφός / Βέρα Καρτάλου -- Γερσίνια πες της / Ιφιγένεια Κριντά -- Ο λύκος και οι καραμέλες / Ευθύμιος Σαββάκης -- σε Δέκα Ανάσες / Θεώνη Σπάθη -- Σχέδιο Β / Κωνσταντίνος Μουστάκας -- Το φεγγάρι του κυνηγού / Λένα Κικίδου -- Βοριάς / Θάνος Γιαλούρης. | |
| 650 | 0 | |a Detective and mystery stories. | |
| 650 | 0 | |a Mystery |x Fiction. | |
| 830 | 0 | |a Ελληνική πεζογραφία (Μεταίχμιο) | |
| 852 | |a INST |b SAMOS |e 20171024 |h 889.3 ΦΟΒ |p 005300044947 |q 005300044947 |t BK |y 0 | ||
| 970 | |a Φιλιππή |b Φάλη |z 24-10-2017 | ||